Mediterraneo /

Gespeichert in:
Bibliographische Detailangaben
1. Verfasser: Patrioli, Tony (Verfasst von)
Weitere Verfasser: Teobaldelli, Ivan
Format: Buch
Sprache:Italienisch
Englisch
Veröffentlicht: Milano : Babilonia edizioni, 1984
Tags: Tag hinzufügen
Keine Tags, Fügen Sie das erste Tag hinzu!

MARC

LEADER 00000nam a22000007i 4500
001 IT\ICCU\UBO\3432267
003 ItRI
005 20260115232310.0
008 080604s1984 it |||||| ||||| |||||c
040 |b ita  |c importazione bologna sebina 
041 7 |a ita  |a eng  |2 ISO-639-2 
100 1 |a Patrioli, Tony  |0 IT\ICCU\UBOV\240856  |4 aut 
245 1 0 |a Mediterraneo /  |c Tony Patrioli ; testi di Ivan Teobaldelli. 
260 |a Milano :  |b Babilonia edizioni,  |c 1984 
300 |a 43 p. :  |b in gran parte illl. ;  |c 24x30 cm. 
700 1 |a Teobaldelli, Ivan  |0 IT\ICCU\LO1V\130507 
942 |2 ddc  |c BK  |n 0 
952 |0 0  |1 0  |4 0  |6 DOC_778_921000000000000_PAT  |7 0  |9 23794  |a BO  |b BO  |d 2026-01-15  |i 306  |l 0  |o DOC 778.921 PAT  |p BO306  |r 2026-01-15 23:23:10  |w 2026-01-15  |x [Sebina 7] [1 v.]  |y BK  |z 1 v. 
999 |c 20268  |d 20268